|
|
|
|
| LEADER |
00631cam a2200193 7i4500 |
| 001 |
0000005739 |
| 005 |
20090609090000.0 |
| 020 |
|
|
|a 9781560525622
|
| 020 |
|
|
|a 1560525622 (pbk.)
|
| 090 |
0 |
0 |
|a HF5381
|b .H35 2000
|
| 100 |
1 |
|
|a Haines, Stephen G
|
| 245 |
1 |
0 |
|a Successful career and life planning :
|b the systems thinking approach
|c Stephen G. Haines.
|
| 260 |
|
|
|a California:
|b Crisp Pub.,
|c 2000.
|
| 300 |
|
|
|a viii, 102 p.:
|b ill.;
|c 26 cm.
|
| 490 |
0 |
|
|a The Fifty-Minute series book
|
| 650 |
0 |
0 |
|a Conduct of life
|
| 650 |
0 |
0 |
|a Life skills
|
| 650 |
0 |
0 |
|a Career development
|
| 999 |
|
|
|a 0000010271
|b BOK
|c OPEN SHELF
|e 1st Floor, Bestari Jaya
|